000 00870cab a2200289 4500
001 WB3321-39
008 090401t1997 xxu||||| |||| 00| 0 eng d
035 _a(Sirsi) u78668
041 _aeng
245 _aResidential conversions
260 _c1997
350 _a0
490 _aProperty Week
_v59(9) 30 May 1997, 2(1)
520 _aPlanners are tightening up on the conversion of central London commercial buildings to residential use, fearing that the number of developments is becoming excessive.
650 _aCENTRAL LONDON
650 _aCONVERSION
650 _aDEVELOPERS
650 _aLONDON RESIDENTIAL RESEARCH
650 _aOFFICE CONVERSIONS
650 _aOFFICES
650 _aPLANNERS
650 _aRESIDENTIAL CONVERSIONS
650 _aRESIDENTIAL USE
690 _aPLANNING LAW AND PRACTICE
942 _n0
948 _c30/05/1997
999 _c49471
_d49471